PoeMáquinas (Record no. 917)

MARC details
000 -LEADER
campo de control de longitud fija 01724cac a2200349 i 4500
003 - IDENTIFICADOR DE NÚMERO DE CONTROL
campo de control CO-PeBPM
005 - FECHA Y HORA DE LA ÚLTIMA TRANSACCIÓN
campo de control 20251004171703.0
007 - CAMPO FIJO DE DESCRIPCIÓN FÍSICA--INFORMACIÓN GENERAL
campo de control de longitud fija ta
008 - DATOS DE LONGITUD FIJA--INFORMACIÓN GENERAL
campo de control de longitud fija 210902r2019 ck a jr 000 p spa d
020 ## - NÚMERO INTERNACIONAL ESTÁNDAR DEL LIBRO
Número Internacional Estándar del Libro 9789583003523
020 ## - NÚMERO INTERNACIONAL ESTÁNDAR DEL LIBRO
Número Internacional Estándar del Libro 9583003522
040 ## - FUENTE DE CATALOGACIÓN
Centro catalogador/agencia de origen CO-PeBPM
Lengua de catalogación spa
Normas de descripción rda
Centro/agencia transcriptor CO-PeBPM
041 0# - CÓDIGO DE IDIOMA
Código de lengua del texto/banda sonora o título independiente spa
082 04 - NÚMERO DE LA CLASIFICACIÓN DECIMAL DEWEY
Número de clasificación 808.81 P743
Número de edición 22
245 10 - MENCIÓN DEL TÍTULO
Título PoeMáquinas
Resto del título : Antología de iniciación a la poesía
Mención de responsabilidad, etc. / Selección y notas Darío Jaramillo Agudelo ; ilustrado por Ana María Acosta
250 ## - MENCION DE EDICION
Resto de la mención de edición Décimo primera reimpresión
264 #1 - PRODUCCIÓN, PUBLICACIÓN, DISTRIBUCIÓN, FABRICACIÓN Y COPYRIGHT
Producción, publicación, distribución, fabricación y copyright Bogotá, Colombia
Nombre del de productor, editor, distribuidor, fabricante : Panamericana
Fecha de producción, publicación, distribución, fabricación o copyright , 2019
300 ## - DESCRIPCIÓN FÍSICA
Extensión 108 páginas
Otras características físicas ilustraciones
Dimensiones 23 cm
336 ## - TIPO DE CONTENIDO
Término de tipo de contenido texto
Código de tipo de contenido txt
Fuente rdacontent
337 ## - TIPO DE MEDIO
Nombre/término del tipo de medio sin mediación
Código del tipo de medio n
Fuente rdamedia
338 ## - TIPO DE SOPORTE
Nombre/término del tipo de soporte volumen
Código del tipo de soporte nc
Fuente rdacarrier
490 ## - MENCIÓN DE SERIE
Mención de serie Literatura juvenil
500 ## - NOTA GENERAL
Nota general Incluye índice
520 ## - RESUMEN, ETC.
Sumario, etc. "Amo la poesía", dice Jaramillo Agudelo en la introducción a este libro. "La poesía me ha acompañado siempre. Si estoy contento, para mantener la euforia; si estoy triste, para reconfortarme. Si quiero expresar algo, aparece el poema que lo dice con exactitud." Esta es la razón de ser de este libro, destinado a servir de iniciación en la poesía a los adolescentes y a personas de cualquier edad, y que busca recordarnos lo esencial: la poesía ante todo, es el placer de la palabra. Tomado de la contracubierta del libro.
521 ## - NOTA DE PÚBLICO DESTINATARIO
Nota de público destinatario Recomendado para un público mayor a 15 años
650 14 - PUNTO DE ACCESO ADICIONAL DE MATERIA--TÉRMINO DE MATERIA
Término de materia o nombre geográfico como elemento de entrada Literatura hispanoamericana
Subdivisión de forma Antología
Fuente del encabezamiento o término LEMB
9 (RLIN) 187513
650 14 - PUNTO DE ACCESO ADICIONAL DE MATERIA--TÉRMINO DE MATERIA
Término de materia o nombre geográfico como elemento de entrada Poesía - Colecciones
Subdivisión de forma LEMB
650 14 - PUNTO DE ACCESO ADICIONAL DE MATERIA--TÉRMINO DE MATERIA
Término de materia o nombre geográfico como elemento de entrada Libros y lectura
Subdivisión de forma LEMB
700 1# - ENTRADA AGREGADA--NOMBRE PERSONAL
Nombre de persona Acosta, Ana María
Término indicativo de función/relación ilustradora
9 (RLIN) 9925
700 1# - ENTRADA AGREGADA--NOMBRE PERSONAL
Nombre de persona Jaramillo Agudelo, Darío
Término indicativo de función/relación compilador
Fechas asociadas al nombre , 1947-
942 ## - ELEMENTOS DE ENTRADA SECUNDARIOS (KOHA)
Fuente del sistema de clasificación o colocación Clasificación Decimal Dewey
Tipo de ítem Koha Literatura
Holdings
Estatus retirado Estado de pérdida Fuente del sistema de clasificación o colocación Estado de daño No para préstamo Biblioteca de origen Biblioteca actual Fecha de adquisición Total de préstamos Signatura topográfica completa Código de barras Visto por última vez Copia número Precio de reemplazo Tipo de ítem Koha Colección Ubicación en estantería Fuente de adquisición
    Clasificación Decimal Dewey     BIBLIOTECA PÚBLICA MUNICIPAL RAMON CORREA MEJIA BIBLIOTECA PÚBLICA MUNICIPAL RAMON CORREA MEJIA 05/10/2023   808.81 P743 17844 05/10/2023 Ej.1 05/10/2023 Libros      
    Clasificación Decimal Dewey     BIBLIOTECA PÚBLICA MUNICIPAL RAMON CORREA MEJIA BIBLIOTECA PÚBLICA MUNICIPAL RAMON CORREA MEJIA 05/10/2023   808.81 P743 33611 05/10/2023 Ej.2 05/10/2023 Libros      
    Clasificación Decimal Dewey     BIBLIOTECA PÚBLICA MUNICIPAL RAMON CORREA MEJIA BIBLIOTECA PÚBLICA MUNICIPAL RAMON CORREA MEJIA 05/10/2023   808.81 P743 44902 05/10/2023 Ej.3 05/10/2023 Libros      
    Clasificación Decimal Dewey     BIBLIOTECA SAN JOAQUIN BIBLIOTECA SAN JOAQUIN 04/10/2018   808.81 P743 62684 04/10/2025 Ej. 1 04/10/2025 Libros General Colección general Donación Biblioteca Nacional

Powered by Koha